000 01977nam a22002537a 4500
003 BJBSDDR
005 20260512161833.0
006 a|||||r|||| 00| 0
007 ta
008 260512s2024 nyu|||||r|||| 00| 0 eng d
020 _a9781982185114
040 _bspa
_cBJBSDDR
041 _aeng
050 _bG783e 2024
100 1 _aGraydon, Samuel
_948412
245 1 0 _aEinstein in time and space :
_ba life in 99 particles /
_cSamuel Graydon.
250 _afirst paperback edition
260 _aNew York :
_bScribner,
_c2024
300 _a xvi, 342 pages :
_billustrations ;
_c22 cm
505 _aContenidos : Introduction Particles 1-99 Sources and acknowledgments Credits Quotations Index
520 _aMost of us would agree that Albert Einstein's name is synonymous with 'genius' and that his likeness is often used as a shorthand for all scientists, appearing everywhere from cartoons to textbooks. He has become more myth than man. That being the case, how best to capture his essence? In Einstein in Time and Space, talented young science journalist Samuel Graydon answers that question with an illuminating mosaic--99 intriguingly different particles that cumulatively reveal Einstein's contradictory and multitudinous nature. Glimpsed among these shards: a slacker who failed every subject but math, a job seeker who couldn't get hired, a lothario who courted many women, and a charmer who was the life of the party. As brilliant as he was inconsistent, Einstein was simultaneously an avid supporter of the NAACP and the fight for civil rights and someone capable of great prejudice. He was loved by many, known by few, and inspirational to a generation of young physicists. Graydon reveals every corner of Einstein's world: the false reporting that rocketed Einstein to fame nearly overnight, his effect on people he met merely in passing, even the remarkable posthumous journey of the famed physicist's brain.
942 _2lcc
_n0
_cBK
946 _illh
999 _c127068
_d127068